000 00328 a2200157 4500
001 182722
020 _a85-13-01098-7
040 _cMagnum
100 _aKafka, Franz
240 1 0 _aA metamorfose
_lpor
245 1 0 _aA metamorfose
300 _a110
362 0 _a2002
697 _aLITERATURA GERAL ESTRANGEIRA
942 _cBK
999 _c182722
_d182722